Interative methods for Toeplitz systems
Αποθηκεύτηκε σε:
| Κύριος συγγραφέας: | |
|---|---|
| Μορφή: | Βιβλίο |
| Γλώσσα: | English |
| Δημοσίευση: |
Oxford ; New York :
Oxford University Press,
2004
|
| Σειρά: | Numerical mathematics and scientific computation
|
| Θέματα: | |
| Ετικέτες: |
Προσθήκη ετικέτας
Δεν υπάρχουν, Καταχωρήστε ετικέτα πρώτοι!
|
MARC
| LEADER | 00000nam a2200000 i 4500 | ||
|---|---|---|---|
| 001 | 1/49751 | ||
| 008 | 070731s2004 eng d | ||
| 020 | |a 0-19-850420-9 | ||
| 035 | |l 10089272 | ||
| 040 | |a GR-MY-UA |b gre |e aacr | ||
| 041 | 0 | |a eng | |
| 082 | 0 | |a 518.26 |2 (22) | |
| 100 | 1 | |a Ng, Michael K. | |
| 245 | 1 | 0 | |a Interative methods for Toeplitz systems / |c Michael K. Ng. |
| 260 | |a Oxford ; New York : |b Oxford University Press, |c 2004 | ||
| 300 | |a xiii, 350 σ.; |b εικ.; |c 25 εκ. | ||
| 490 | 1 | |a Numerical mathematics and scientific computation | |
| 504 | |a Περιλαμβάνει βιβλιογραφικές παραπομπές (σ. 325-347) και ευρετήριο | ||
| 650 | 0 | 0 | |a Iterative methods (Mathematics) |
| 650 | 0 | 0 | |a Toeplitz matrices. |
| 650 | 0 | 0 | |a Toeplitz operators. |
| 830 | 0 | |a Numerical mathematics and scientific computation | |
| 852 | |a INST |b SAMOS |e 20070731 |h 518.26 NG |p 005300025616 |q 005300025616 |t BK |y 0 | ||
| 901 | |a BIBL3-2007-2 | ||
| 909 | |a Σ |b 137115 | ||
| 922 | |a 3ΕΛΗ |b 200707 |c ΕΠΕΑΕΚ2/ΤΜΗΜΑ ΜΑΘΗΜΑΤΙΚΩΝ |d ΠΑΠΑΣΩΤΗΡΙΟΥ | ||
| 970 | |a ΣΙΤΖΙΜΗ |b ΓΙΑΣΕΜΗ |z 2007/07/31 | ||